000 00760nam a2200241 i 4500
001 000030728
003 DO-SdBNP
005 20240111083147.0
007 ta
008 110526s1935 dr 000 0 spa d
040 _aDO-SdBNP
_bspa
_cBNPHU
_erda
082 4 _bL864c
_222
111 2 _aConferencia pronuncada por Don Fernando Careaga
_c(Santo Domingo
_d1935 12 oct.)
_984765
245 1 0 _aLope de Vega :
_bconferencia pronunciada por Fernando Careaga
264 _aSanto Domingo, :
_bTipografía Franciscana,
_c1935.
300 _a65 paginas ;
_c22 cm.
336 _2rdacontent
_atexto
_btxt
337 _2rdamedia
_asin mediación
_bn
338 _2rdacarrier
_avolumen
_bnc
590 _aInventariado, 2022/ YL
910 _aYLockward
942 _2ddc
_cLBS1
999 _c30220
_d30220